1458 1413 1822 1238 1000 1240 1184 1222 1329 1757 1224 1023 1208 1263 1841 1970 1279 1716 1982 1206 1546 1750 1840 1726 1092 1570 1888 1844 1249 1834 1403 1388 1185 1783 1057 1150 1435 1334 1873 1443 1542 1281 1607 1526 1233 1947 1163 1319 1438 1517 1091 1099 1567 1801 1494 1404 1256 1466 1812 1720 1352 1681 1000 1866 1103 1934 1050 1722 1467 1057 1767 1996 1147 1887 1454 1003 1271 1323 1685 1710 1572 1984 1677 1239 1227 1103 1759 1016 1562 1865 1508 1823 1552 1051 1334 1025 1405 1528 1713 BCNSPRNW ULIB Ver.6.0+V

เปลี่ยนเป็นภาษาไทย

Change to English
 แสดงรายละเอียดบรรณานุกรม
  กลับหน้าหลัก

Brief Record : Get Marc (ISO 2709) : E-mail record : QR code < ปิดหน้าต่าง
LEADER : 00000nam 2200000uu 4500
001    13399127059
003     ULIB
008    020711s2557 th a 000 0 tha d
020    ^a9786162273827
060    ^aWS103^bต-ป
100    ^aตุ๊บปอง
245    ^aไปไล้ส้มลิ้มกันนะ ชุดตุ๊กติ๊ก ตุ๊บปอง เยี่ยมป ปู่ย่า
250    ^aพิมพ์ครั้งที่ 1
260    ^aกรุงเทพฯ :^bบริษัท แปลน ฟอร์ คิดส์ จำกัด,^c2557
300    ^a24 หน้า;^b21 ซม.
650    ^aเด็ก^xการเรียนการสอน
945    ^p95^l0^i006247
999    ^aประนอม เกษจรัล
รายการนี้ยังไม่มีแท็ก
คุณยังไม่ได้ล็อกอิน คุณสามารถมีกิจกรรมร่วมกับเว็บไซต์ได้ แต่ต้องล็อกอินก่อน ::
  ล็อกอิน

รายการสื่อสารสนเทศ

ลำดับที่ ประเภท เลขเรียก/บาร์โค้ด สถานที่ สถานะ
1. วิทยาศาสตร์การแพทย์ และสุขภาพ
วิทยาศาสตร์การแพทย์ และสุขภาพ
WS103 ต-ป ฉ.1 
  Barcode: 006247
ห้องสมุดวิทยาเขตสวรรค์ประชารักษ์
►หนังสือทั่วไป
บนชั้น

รายการใกล้เคียง
    ผู้แต่ง [ตุ๊บปอง]

BibComment


ยังไม่เคยถูกคอมเมนท์

คอมเมนท์ทรัพยากรรายการนี้
  คอมเมนท์: ไปไล้ส้มลิ้มกันน..


 Copyright 2026. Bcnsprnw @Library